000 00544pam a2200193 a 4500
020 _a818061302X
_c325.00P
041 _aeng
_hNULL
082 _a618.2
_bSIN/MAL
100 _aSINGH, K .MALHOTRA N.
245 _aSTEP BY STEP ULTRASOUND IN GYNECOLOGY WITH CD
_cNULL.
_hTextual Documents
260 _aNULL :
_bJAYPEE BROTHERS MEDICAL PUB. ,
_c2004.
300 _a130 : :
_bXIII ;
_cA4 . +
_ePB.
365 _a325.00P
_e1
700 _aMALHOTRA, N .
907 _a4932
930 _a1973
999 _c796509
_d796509
650 _aOBST.GYNE